Zambia : Staff Report for The 2015 Article IV Consultation.

This 2015 Article IV Consultation highlights that in the last two years, the Zambian economy has been weighed down by large fiscal imbalances, lower copper prices, and policy uncertainties. Real GDP growth has slowed, the current account has deteriorated, international reserves have fallen, and the...

Celý popis

Podrobná bibliografie
Korporativní autor: International Monetary Fund. African Dept
Médium: Časopis
Jazyk:English
Vydáno: Washington, D.C. : International Monetary Fund, 2015.
Edice:IMF Staff Country Reports; Country Report ; No. 2015/152
On-line přístup:Full text available on IMF
LEADER 01711cas a2200241 a 4500
001 AALejournalIMF015294
008 230101c9999 xx r poo 0 0eng d
020 |c 5.00 USD 
020 |z 9781513526898 
022 |a 1934-7685 
040 |a BD-DhAAL  |c BD-DhAAL 
110 2 |a International Monetary Fund.  |b African Dept. 
245 1 0 |a Zambia :   |b Staff Report for The 2015 Article IV Consultation. 
264 1 |a Washington, D.C. :  |b International Monetary Fund,  |c 2015. 
300 |a 1 online resource (76 pages) 
490 1 |a IMF Staff Country Reports 
500 |a <strong>Off-Campus Access:</strong> No User ID or Password Required 
500 |a <strong>On-Campus Access:</strong> No User ID or Password Required 
506 |a Electronic access restricted to authorized BRAC University faculty, staff and students 
520 3 |a This 2015 Article IV Consultation highlights that in the last two years, the Zambian economy has been weighed down by large fiscal imbalances, lower copper prices, and policy uncertainties. Real GDP growth has slowed, the current account has deteriorated, international reserves have fallen, and the exchange rate has been under downward pressure. The IMF staff estimates that real GDP growth slowed from 6.7 percent in 2013 to 5.6 percent in 2014, driven by a contraction in copper production. Growth is projected to average 5.5-7 percent a year over the medium term, reflecting the impact of investments in mining and electricity in recent years. 
538 |a Mode of access: Internet 
830 0 |a IMF Staff Country Reports; Country Report ;  |v No. 2015/152 
856 4 0 |z Full text available on IMF  |u http://elibrary.imf.org/view/journals/002/2015/152/002.2015.issue-152-en.xml  |z IMF e-Library